| 000 | 00456nam a2200205Ia 4500 | ||
|---|---|---|---|
| 001 | 14519 | ||
| 003 | GE_BSU | ||
| 008 | 181216s||||||||xx |||||||||||||| ||und|| | ||
| 020 | _a0099741008 | ||
| 040 | _cGE_BSU | ||
| 080 | _a17 | ||
| 100 | _aJeffers,Susan | ||
| 245 | _aFeel the Fear and do it Anyway | ||
| 260 | _aLondon | ||
| 260 | _bArrow books | ||
| 260 | _c1987 | ||
| 300 | _a227p.18cm. | ||
| 653 | _aFeel the Fear and do it Anyway | ||
| 942 | _cBK | ||
| 999 |
_c47650 _d47650 |
||